1063 1503 1611 1666 1684 1147 1937 1659 1805 1744 1040 1280 1220 1606 1201 1402 1059 1131 1471 1909 1437 1154 1504 1310 1580 1531 1771 1402 1797 1169 1618 1262 1477 1347 1191 1102 1312 1002 1069 1125 1366 1270 1467 1127 1680 1262 1869 1976 1918 1292 1579 1737 1652 1707 1051 1370 1488 1554 1313 1218 1979 1291 1004 1192 1590 1031 1880 1058 1508 1252 1597 1977 1263 1039 1211 1570 1739 1035 1127 1666 1712 1885 1467 1122 1709 1534 1998 1389 1039 1837 1687 1439 1267 1168 1703 1112 1533 1006 1941 BCNSPRNW ULIB Ver.6.0+V

เปลี่ยนเป็นภาษาไทย

Change to English
 แสดงรายละเอียดบรรณานุกรม
  กลับหน้าหลัก

Brief Record : Get Marc (ISO 2709) : E-mail record : QR code < ปิดหน้าต่าง
LEADER : 00000nam 2200000uu 4500
001    13399126456
003     ULIB
008    180918s2561||||th 000 0 tha d
020    ^a9786169163169
060    ^aWH100^bช35s
100    ^aชินดล วานิชพงษ์พันธุ์และคณะ, บก
245    ^aSymptomatology & Laboratory Interpretation in Hematology/^bชินดล วานิชพงษ์พันธุ์และคณะ, บก
250    ^aพิมพ์ครั้งที่ 1
260    ^aกรุงเทพฯ :^bคณะอนุกรรมการมะเร็งเม็ดเลือดขาวแบบเฉียบพลันในผู้ใหญ่ สมาคาโลหิตวิทยาแห่งประเทศไทย,^c2561
300    ^a234 หน้า
650    ^aมะเร็ง
650  0 ^aHematology
945    ^p350^l0^i26663
945    ^p350^l0^i26662
999    ^aกัณชพร จุลอักษร
รายการนี้ยังไม่มีแท็ก
คุณยังไม่ได้ล็อกอิน คุณสามารถมีกิจกรรมร่วมกับเว็บไซต์ได้ แต่ต้องล็อกอินก่อน ::
  ล็อกอิน

รายการสื่อสารสนเทศ

ลำดับที่ ประเภท เลขเรียก/บาร์โค้ด สถานที่ สถานะ
1. หนังสือสำรอง
หนังสือสำรอง
WH100 ช35s ฉ.1 
  Barcode: 26662
ห้องสมุดวิทยาเขตนครสวรรค์
►หนังสือทั่วไป:l:General Books
บนชั้น
2. วิทยาศาสตร์การแพทย์ และสุขภาพ
วิทยาศาสตร์การแพทย์ และสุขภาพ
WH100 ช35s ฉ.2 
  Barcode: 26663
ห้องสมุดวิทยาเขตนครสวรรค์
►หนังสือทั่วไป:l:General Books
บนชั้น

รายการใกล้เคียง
    ผู้แต่ง [ชินดล วานิชพงษ์พันธุ์และคณะ, บก]

    หัวเรื่อง [มะเร็ง]
    หัวเรื่อง [Hematology]

BibComment


ยังไม่เคยถูกคอมเมนท์

คอมเมนท์ทรัพยากรรายการนี้
  คอมเมนท์: Symptomatology ..


 Copyright 2026. Bcnsprnw @Library